000 00559cam a2200217 4500
001 2652678
005 20180201045838.0
008 690707s1969 nyu b 000 0 eng
010 _a 69015807
040 _aDLC
_cDLC
_dDLC
041 _aeng
080 _a330.91724 DAV
082 0 0 _a330.91724 DAV
100 1 _a16
101 _aHIS
245 1 4 _aThe paradox of poverty in America,
_cedited by Kenneth S. Davis.
350 _a3.50
504 _aBibliography: p. 212-224.
906 _a7
_bcbc
_corignew
_du
_encip
_f19
_gy-gencatlg
942 _2ddc
_cBK
999 _c41495
_d41495